[Event "Rasht Father Cup Blitz 2nd"]
[Site "Rasht"]
[Date "2023.12.07"]
[Round "9"]
[White "Azadi, Amirmohammad"]
[Black "Mosadeghpour, Masoud"]
[Result "1/2-1/2"]
[WhiteElo "2250"]
[BlackElo "2473"]
[PlyCount "150"]
[EventDate "2023.12.07"]
[EventType "swiss (blitz)"]
[EventRounds "13"]
[EventCountry "IRI"]
[SourceTitle "CB50_2023"]
[SourceDate "2023.12.13"]
[SourceVersion "1"]
[SourceVersionDate "2023.12.13"]
[SourceQuality "1"]

1. c4 Nf6 2. g3 e6 3. Bg2 d5 4. Nf3 Nbd7 5. 0-0 dxc4 6. Qc2 Nb6 7. a4 a5 8. Na3 Bxa3 9. Rxa3 Nfd5 10. Ne5 Nb4 11. Qc3 0-0 12. Nxc4 N6d5 13. Qb3 c5 14. d3 b6 15. Bd2 Rb8 16. Raa1 Bd7 17. Bc3 Nc6 18. Rfd1 Qg5 19. d4 Nxc3 20. bxc3 cxd4 21. cxd4 Nb4 22. Ne5 Qe7 23. Nxd7 Qxd7 24. d5 exd5 25. Bxd5 Qe7 26. Bf3 Rfd8 27. Kg2 Rxd1 28. Rxd1 Rd8 29. Rc1 g6 30. Qc4 Qd6 31. h4 h5 32. Rc3 Qd4 33. Qb3 Qd1 34. Qxd1 Rxd1 35. Rc8+ Kg7 36. Rb8 Rd6 37. Rc8 Rd4 38. Rc7 Na6 39. Rc6 Rb4 40. Bd5 f5 41. Bc4 Nc5 42. Bb5 Rb2 43. Kf3 Kh6 44. Rd6 Rb3+ 45. Kg2 Rb2 46. Be8 Rxe2 47. Bxg6 Rxf2+ 48. Kg1 Rf3 49. Be8+ Kg7 50. Bxh5 Rxg3+ 51. Kh2 f4 52. Rxb6 Ra3 53. Rg6+ Kh7 54. Rf6 Rxa4 55. Be8 Rd4 56. h5 Rd2+ 57. Kh3 Rd8 58. Bg6+ Kh6 59. Rxf4 a4 60. Rc4 Rd5 61. Bf7 Rf5 62. Bg6 Rd5 63. Bf7 Rf5 64. Bg6 Re5 65. Rc3 Ne6 66. Rc6 Kg7 67. Ra6 Nc5 68. Ra7+ Kh6 69. Kg4 Rg5+ 70. Kh4 Rxg6 71. hxg6 Kxg6 72. Ra5 Nd7 73. Rxa4 Kf6 74. Ra6+ Ke5 75. Re6+ Kxe6 1/2-1/2

[Event "Rasht Khazar op 18th"]
[Site "Rasht"]
[Date "2020.02.19"]
[Round "9"]
[White "Evdokimov, Alexander A"]
[Black "Azadi, Amirmohammad"]
[Result "0-1"]
[WhiteElo "2490"]
[BlackElo "2155"]
[PlyCount "94"]
[EventDate "2020.02.13"]
[EventType "swiss"]
[EventRounds "9"]
[EventCountry "IRI"]
[SourceTitle "CBM 195 Extra"]
[Source "ChessBase"]
[SourceDate "2020.05.31"]
[SourceVersion "1"]
[SourceVersionDate "2020.05.31"]
[SourceQuality "1"]

1. d4 Nf6 2. c4 g6 3. Nc3 c5 4. d5 d6 5. e4 Bg7 6. h3 0-0 7. Nf3 Na6 8. Bd3 Nc7 9. 0-0 a6 10. a4 e5 11. Bg5 h6 12. Be3 Nh5 13. Qd2 g5 14. Ne2 a5 15. Nh2 Nf4 16. Ng3 Ne8 17. Be2 Nf6 18. Ng4 Nh7 19. Nh2 Nf6 20. Bg4 Nxe4 21. Nxe4 f5 22. Bf3 fxe4 23. Bxe4 Ra6 24. Ra3 Bd7 25. Qc2 Rb6 26. Re1 Qf6 27. Ng4 Qf7 28. Rc3 h5 29. Nh2 Bh6 30. Bxf4 gxf4 31. Bg6 Qg7 32. Bxh5 Bf5 33. Qe2 e4 34. Bg4 Bh7 35. Be6+ Kh8 36. Ng4 Bg5 37. Ra1 Qd4 38. Kh2 f3 39. gxf3 Bd2 40. Rca3 Rxb2 41. Qd1 e3 42. Kg2 Be4 43. fxe4 Qxe4+ 44. Kh2 Bc3 45. R3a2 Be5+ 46. Kg1 exf2+ 47. Nxf2 Bh2+ 0-1

[Event "Rasht Khazar op 18th"]
[Site "Rasht"]
[Date "2020.02.17"]
[Round "6"]
[White "Azadi, Amirmohammad"]
[Black "Babujian, Levon"]
[Result "0-1"]
[WhiteElo "2155"]
[BlackElo "2487"]
[PlyCount "52"]
[EventDate "2020.02.13"]
[EventType "swiss"]
[EventRounds "9"]
[EventCountry "IRI"]
[SourceTitle "CBM 195 Extra"]
[Source "ChessBase"]
[SourceDate "2020.05.31"]
[SourceVersion "1"]
[SourceVersionDate "2020.05.31"]
[SourceQuality "1"]

1. c4 e5 2. g3 c6 3. Bg2 d5 4. cxd5 cxd5 5. d4 e4 6. Nc3 Nc6 7. f3 f5 8. Nh3 Nf6 9. Bg5 Be7 10. Bxf6 Bxf6 11. e3 Be6 12. Nf4 Bf7 13. Qb3 0-0 14. Nfxd5 Kh8 15. fxe4 fxe4 16. Bxe4 Re8 17. Qxb7 Bxd5 18. Bxd5 Rxe3+ 19. Kf1 Bxd4 20. Qxc6 Rc8 21. Qa6 Rb8 22. Rb1 Rxc3 23. Be4 Re3 24. Qc6 Qe7 25. Re1 Qf7+ 26. Kg2 Rxe1 0-1

[Event "Ghaem Cup 1st"]
[Site "Qaem Shahr"]
[Date "2019.04.24"]
[Round "7"]
[White "Azadi, Amirmohammad"]
[Black "Daghli, Arash"]
[Result "0-1"]
[WhiteElo "2177"]
[BlackElo "2332"]
[PlyCount "88"]
[EventDate "2019.04.20"]
[EventType "swiss"]
[EventRounds "9"]
[EventCountry "IRI"]
[SourceTitle "CBM 190 Extra"]
[Source "ChessBase"]
[SourceDate "2019.07.15"]
[SourceVersion "1"]
[SourceVersionDate "2019.07.15"]
[SourceQuality "1"]

1. c4 g6 2. g3 Bg7 3. Bg2 e5 4. Nc3 d6 5. Nf3 f5 6. d3 Nf6 7. 0-0 0-0 8. Rb1 h6 9. b4 g5 10. b5 a6 11. a4 axb5 12. axb5 Nbd7 13. Bb2 Qe8 14. Ra1 Rxa1 15. Qxa1 Nc5 16. Qa5 b6 17. Qa7 Qf7 18. Nd2 Be6 19. Na4 Nxa4 20. Qxa4 Qh5 21. Nf3 f4 22. Qa7 Rf7 23. Qb8+ Bf8 24. Ra1 fxg3 25. hxg3 e4 26. dxe4 Ng4 27. Rc1 Nxf2 28. Kxf2 g4 29. Bd4 gxf3 30. exf3 Kh7 31. Qa8 Bg7 32. Qa1 Qg5 33. Rc2 h5 34. f4 h4 35. gxh4 Qxh4+ 36. Kg1 Bxd4+ 37. Qxd4 Qe1+ 38. Bf1 Bh3 39. Qf2 Rg7+ 40. Kh2 Qxf1 41. Qh4+ Kg8 42. Qd8+ Kf7 43. Qxc7+ Kg6 44. Qd8 Qxf4+ 0-1

[Event "Karoun Masters Cup 6th"]
[Site "Ahvaz"]
[Date "2019.02.21"]
[Round "1"]
[White "Azadi, Amirmohammad"]
[Black "Bernadskiy, Vitaliy"]
[Result "1/2-1/2"]
[WhiteElo "2109"]
[BlackElo "2570"]
[PlyCount "242"]
[EventDate "2019.02.21"]
[EventType "swiss"]
[EventRounds "9"]
[EventCountry "IRI"]
[SourceTitle "CBM 189 Extra"]
[Source "ChessBase"]
[SourceDate "2019.06.03"]
[SourceVersion "1"]
[SourceVersionDate "2019.06.03"]
[SourceQuality "1"]

1. c4 g6 2. g3 Bg7 3. Bg2 c5 4. Nc3 Nc6 5. a3 d6 6. Nf3 e6 7. 0-0 Nge7 8. d3 0-0 9. Bd2 Qd7 10. Rb1 b6 11. Qc1 Rd8 12. Bh6 Bh8 13. b4 Bb7 14. Bg5 f6 15. Bd2 Rac8 16. bxc5 dxc5 17. Nb5 e5 18. a4 a5 19. Bc3 Nb4 20. Qb2 Nec6 21. Nd2 Nd4 22. Bxd4 exd4 23. Bxb7 Qxb7 24. f4 f5 25. Nf3 Rc6 26. Rf2 Re6 27. Qd2 Qe7 28. Rb2 Bf6 29. Qd1 h6 30. Qf1 Re8 31. Qh3 Qg7 32. Rd2 R8e7 33. Rg2 h5 34. Rf2 Qh6 35. Na3 Nc6 36. Rb2 Nb4 37. Rd2 Na6 38. Rb2 Rh7 39. Nh4 Rhe7 40. Nf3 Nb8 41. Nb5 Nc6 42. Na3 Nd8 43. Qf1 h4 44. Qb1 Rb7 45. Qf1 Rh7 46. Rg2 hxg3 47. hxg3 Qf8 48. Rh2 Rxh2 49. Kxh2 Nf7 50. Nb5 Qe7 51. Kg2 Nh6 52. Kf2 Re3 53. Qh1 Ng4+ 54. Kf1 Kg7 55. Na3 Qd7 56. Nb5 Re8 57. Qg1 Rh8 58. Ke1 Qe7 59. Na3 Qe3 60. Rb1 Qe6 61. Nc2 Qc6 62. Rb5 Nh6 63. Qg2 Nf7 64. Nh4 Qxg2 65. Nxg2 Rh1+ 66. Kf2 Rc1 67. Nge1 g5 68. fxg5 Bxg5 69. Rxb6 Ne5 70. Rb2 Ng4+ 71. Kg2 Bd2 72. Nf3 Bc3 73. Rb7+ Kf6 74. Na3 Ra1 75. Nb5 Ra2 76. Rb6+ Kg7 77. Rb7+ Kh6 78. Re7 Rxa4 79. Nd6 Ne3+ 80. Kh3 Ra1 81. Re6+ Kh5 82. Kh2 Rb1 83. Ne8 Ng4+ 84. Kg2 Rb7 85. Nh4 a4 86. Ng6 Bd2 87. Ne7 Bh6 88. Nd5 Ra7 89. Nef6+ Nxf6 90. Nxf6+ Kg6 91. Ng4+ Kf7 92. Rxh6 Kg7 93. Rh4 a3 94. Nh6 f4 95. Rxf4 Kxh6 96. Rf1 Re7 97. Rf6+ Kg5 98. Ra6 Rxe2+ 99. Kh3 a2 100. Ra5 Kf6 101. Kg4 Rd2 102. Kf4 Rxd3 103. Ra6+ Ke7 104. Rxa2 Rc3 105. Ra4 Rc1 106. g4 Ke6 107. Ra6+ Kd7 108. Ra4 Rf1+ 109. Ke4 Kc6 110. Ra6+ Kb7 111. Ra2 Kc6 112. Ra6+ Kc7 113. Ra2 Kd6 114. Ra6+ Ke7 115. Kd5 d3 116. Ra2 Rf8 117. Kxc5 Rd8 118. Rd2 Ke6 119. Kb4 Ke5 120. Kc3 Ke4 121. Rd1 Ke5 1/2-1/2